|
|
|
|
| LEADER |
01567nam a2200397 a 4500 |
| 001 |
30298 |
| 003 |
BD-DhAAL |
| 005 |
20151207111718.0 |
| 008 |
151207r20141988enk b 001 0 eng |
| 010 |
|
|
|a 88005048
|
| 020 |
|
|
|a 0521342406
|
| 020 |
|
|
|a 0521349931 (pbk.)
|
| 020 |
|
|
|a 9780521349932 Paperback
|
| 040 |
|
|
|a DLC
|c DLC
|d DLC
|d BD-DhAAL
|
| 041 |
1 |
|
|a engita
|
| 050 |
0 |
0 |
|a JC143
|b .M38 1988b
|
| 082 |
0 |
0 |
|a 320.1
|2 19
|
| 100 |
1 |
|
|a Machiavelli, Niccolò,
|d 1469-1527.
|9 3747
|
| 240 |
1 |
0 |
|a Principe.
|l English
|
| 245 |
1 |
4 |
|a Machiavelli /
|c The prince ; edited by Quentin Skinner and Russell Price.
|
| 260 |
|
|
|a Cambridge ;
|a New York :
|b Cambridge University Press,
|c 1988 [28th reprinted 2014]
|
| 300 |
|
|
|a xxxv, 152 p. ;
|c 23 cm.
|
| 490 |
|
0 |
|a Cambridge texts in the history of political thought
|
| 500 |
|
|
|a Translation from the Italian of: Il principe.
|
| 500 |
|
|
|a Includes indexes.
|
| 504 |
|
|
|a Bibliography: p. xxix-xxxi.
|
| 541 |
|
|
|e 30298
|
| 650 |
|
0 |
|a Political science
|x Early works to 1800.
|9 16667
|
| 650 |
|
0 |
|a Political ethics.
|9 16668
|
| 700 |
1 |
|
|a Skinner, Quentin.
|9 14047
|
| 700 |
1 |
|
|a Price, Russell.
|9 16669
|
| 856 |
4 |
1 |
|3 Table of contents
|u http://www.loc.gov/catdir/toc/cam031/88005048.html
|
| 856 |
4 |
2 |
|3 Publisher description
|u http://www.loc.gov/catdir/description/cam023/88005048.html
|
| 942 |
|
|
|2 ddc
|c BK
|
| 999 |
|
|
|c 36355
|d 36355
|
| 952 |
|
|
|0 0
|1 0
|2 ddc
|4 0
|6 320_100000000000000_MAC
|7 0
|9 57173
|a BRACUL
|b BRACUL
|c GEN
|d 2015-12-07
|e Karim International
|g 989.00
|l 5
|m 26
|o 320.1 MAC
|p 3010030298
|r 2025-08-29
|s 2025-08-25
|t 1
|w 2015-12-07
|y BK
|